Fluxos metabòlics : 21 de març de 2001 : jornada de treball l'Ordenança sola municipal 21 de març de 2001 : jornada de treball l'Ordenança sola municipal
MARC
| LEADER | 00000nam a2200000 a 4500 | ||
|---|---|---|---|
| 001 | 26729 | ||
| 005 | 20260324181141.0 | ||
| 008 | 220907s2001 spcd || 000 ||cat|c | ||
| 080 | |a Bib-945 | ||
| 111 | |9 54390 |a Jornada de treball l'Ordenança solar municipal |d (2001 : |c Barcelona, Catalunya) | ||
| 245 | 1 | 0 | |a Fluxos metabòlics : |b 21 de març de 2001 : jornada de treball l'Ordenança sola municipal |
| 260 | |a Barcelona : |b Diputació de Barcelona. Xarxa de Municipis, |c 2001 | ||
| 300 | |a 60 pàgines no numerades : |b il·lustracions ; |c 30 cm | ||
| 500 | |a Actes de la Jornada de treball L'Ordenança solar municipal, celebrades el 21 de març de 2001 | ||
| 500 | |a A la coberta: Xarxa de Ciutats i Pobles cap a la Sostenibilitat | ||
| 650 | 0 | |a Política urbana |9 53543 |v Congressos | |
| 650 | 0 | |a Sòl, Ús urbà del |9 44481 |z Barcelona (Província) | |
| 650 | 0 | |a Congressos i conferències |9 48301 | |
| 710 | 1 | |a Barcelona (Catalunya : Província). |b Diputació |9 52408 | |
| 710 | 2 | |a Xarxa de Ciutats i Pobles cap a la Sostenibilitat |9 53477 | |
| 907 | |a .b28828409 |b 25-03-20 |c 08-05-08 |d 22-12-02 |e m |f a |g - |h cat |i spc |j 0 |k 1 | ||
| 908 | |a UdG | ||
| 940 | |a UdG | ||
| 942 | |2 udc |c ARXIU |n 1 | ||
| 952 | |0 0 |1 0 |4 0 |6 BIB945 |7 1 |9 63819 |a Arxiu |b Arxiu |d 2022-09-07 |l 0 |o Bib-945 |p 26729 |r 2022-09-07 00:00:00 |w 2022-09-07 |y ARXIU | ||
| 999 | |c 82649 |d 82649 | ||